000
00200 a2200109 4500
020
_a
9780813667423
041
_a
spa
100
_a
Walker, Colin
245
_a
El tiempo
942
_c
BK
952
_7
1
999
_c
16745
_d
16745